| 000 | 00789nam a2200193 i 4500 | ||
|---|---|---|---|
| 001 | 165795 | ||
| 003 | ES-MaACL | ||
| 005 | 20251013213326.0 | ||
| 008 | 931025s1853 it |||| | ita d | ||
| 100 | 1 |
_aStorch, Enrico. _9132916 |
|
| 245 | 1 | 0 |
_aCorso d'Economia politica o esposizione de' principii che determinano la prosperità delle nazioni... / _cdi Enrico Storch con note di G. B. Say. |
| 260 |
_aTorino : _bCugini Pomba e comp. edit., _c1853 ( _fTip. Pons e comp.) |
||
| 300 |
_aXXXI, 919 p. ; _c23 cm. |
||
| 490 | 1 |
_aBiblioteca dell Economista ; _vprima serie. vol. 4 |
|
| 700 | 1 |
_aSay, Jean Baptiste, _d1767-1832 _9132518 |
|
| 830 | 0 | 0 |
_aBiblioteca dell economista _vprima serie. vol. 4 _9188577 |
| 852 |
_aES-MaACL _jB-8958 _z-- Enc. hol. |
||
| 999 |
_c165795 _d165795 |
||